Clinical anatomy & physiology for veterinary technicians / (Record no. 1181)

MARC details
000 -LEADER
fixed length control field 00610nam a22001937a 4500
005 - DATE AND TIME OF LATEST TRANSACTION
control field 20240509135425.0
008 - FIXED-LENGTH DATA ELEMENTS--GENERAL INFORMATION
fixed length control field 240509b |||||||| |||| 00| 0 eng d
020 ## - INTERNATIONAL STANDARD BOOK NUMBER
International Standard Book Number 9780323008198
040 ## - CATALOGING SOURCE
Original cataloging agency KMU
Transcribing agency KMU
Modifying agency KMU
050 ## - LIBRARY OF CONGRESS CALL NUMBER
Classification number SF 761 Col
100 ## - MAIN ENTRY--PERSONAL NAME
Personal name Colville, Thomas
245 ## - TITLE STATEMENT
Title Clinical anatomy & physiology for veterinary technicians /
Statement of responsibility, etc. by Thomas Colville and Joanna M. Bassert
260 ## - PUBLICATION, DISTRIBUTION, ETC.
Place of publication, distribution, etc. St. Louis, Missouri :
Name of publisher, distributor, etc. Mosby, Inc.,
Date of publication, distribution, etc. 2002.
300 ## - PHYSICAL DESCRIPTION
Extent xi, 452 pages ;
Other physical details illus :
Dimensions 29 cm.
500 ## - GENERAL NOTE
General note Includes an index
650 ## - SUBJECT ADDED ENTRY--TOPICAL TERM
Topical term or geographic name entry element Animal technicians
700 ## - ADDED ENTRY--PERSONAL NAME
Personal name Bassert M. Joanna
942 ## - ADDED ENTRY ELEMENTS (KOHA)
Source of classification or shelving scheme Library of Congress Classification
Koha item type Non-Fiction
Suppress in OPAC No
Holdings
Withdrawn status Lost status Source of classification or shelving scheme Damaged status Not for loan Collection Home library Current library Shelving location Date acquired Source of acquisition Total Checkouts Full call number Barcode Date last seen Price effective from Koha item type
    Library of Congress Classification     Non-fiction Kapasa Makasa University Kapasa Makasa University Open Access 09.05.2024 Book Aid   SF 761 Col 739463 09.05.2024 09.05.2024 Non-Fiction